| 000 | 00809nam a2200169Ia 4500 | ||
|---|---|---|---|
| 005 | 20240425003139.0 | ||
| 008 | 240331s9999 xx 000 0 und d | ||
| 020 | _a0850364345 | ||
| 082 |
_bROW _a331.4 |
||
| 100 | _aRowbotham, Sheila | ||
| 245 | 0 |
_aHomeworkers worldwide _cSheila, Rowbotham |
|
| 250 | _a1 st | ||
| 260 |
_aLondon : _bMerlin press ltd / _c1993 |
||
| 300 | _aiv, 92 p ., | ||
| 500 | _aWomen homeworkers have been forced by necessity to find new forms of association, these range from personal local networks to international links which are beginning to put pressure in triadic unions and international organizations. they are turning around the power of endurance and creating new kinds of labor organization: theses have vital lessons for workers threatened with casualization. | ||
| 942 | _cL | ||
| 999 |
_c2655 _d2655 |
||